000 00737cam a2200157 4500500
005 20260329001840.0
041 _afre
042 _adc
100 1 0 _aFonkoua, Romuald
_eauthor
245 0 0 _aLa verdad del cuerpo negro
260 _c2026.
500 _a40
520 _aMás que la psicocrítica de los relatos de los colonizados y la «gramática de la decolonialidad», la poesía de la negritud es para Fanon la expresión de una lucha incesante del colonizado por comprender el cuerpo negro, dar cuenta de su verdad imprevisible y liberarse.
786 0 _nEsprit | Javier - Février | 1-2 | 2026-02-18 | p. 57-67 | 0014-0759
856 4 1 _uhttps://shs.cairn.info/revista-esprit-2026-1-2-page-57?lang=es&redirect-ssocas=7080
999 _c1809241
_d1809241